Dakar 2005 Peterhansel titul obhájil, Despres a Kabirov zažili pocit víťazstva po prvý raz

Bibliographic Details
Format: Article
Language:Slovak
PhysicalDescription:Fotogr.
ISSN:1335-0730
Subjects:

MARC

LEADER 00000nab a2200000 a 4500
001 vtls001493739
003 SK-MaSNL
005 20260304120504.0
008 050215c20050208xo dr|p|||||||000 b|slo
015 |a SNBRB2005/02  |2 snkbucl 
038 |a SNKBUCL 
040 |a SNKBUCL  |b slo  |c SNKBUCL  |e AACR2 
041 0 |a slo 
044 |a xo  |c SK 
080 |a 796.71/.72.093.1  |2 UDC-MRF-SK2 
245 0 0 |a Dakar 2005  |b Peterhansel titul obhájil, Despres a Kabirov zažili pocit víťazstva po prvý raz 
300 |b Fotogr. 
611 2 7 |a Rely Dakar  |d 2005  |2 snkbucl  |9 1424490 
650 0 7 |a automobilizmus  |2 snkbucl  |9 13242 
650 0 7 |a motocyklistika  |2 snkbucl  |9 74824 
773 0 |t Stop  |g Roč. XXXV, č. 2 (2005), s. 48  |x 1335-0730 
852 |a SNK  |b KIS3GCP 
999 |c 2880149  |d 2882079